Adhyatma Ramayanam (Record no. 122348)
[ view plain ]
| 000 -LEADER | |
|---|---|
| fixed length control field | 00770nam a2200217Ia 4500 |
| 003 - CONTROL NUMBER IDENTIFIER | |
| control field | OSt |
| 005 - DATE AND TIME OF LATEST TRANSACTION | |
| control field | 20240419150744.0 |
| 008 - FIXED-LENGTH DATA ELEMENTS--GENERAL INFORMATION | |
| fixed length control field | 210210b2016 xxu||||| |||| 00| 0 eng d |
| 040 ## - CATALOGING SOURCE | |
| Original cataloging agency | AL |
| Transcribing agency | |
| 041 ## - LANGUAGE CODE | |
| Language code of text/sound track or separate title | Malayalam |
| 082 ## - DEWEY DECIMAL CLASSIFICATION NUMBER | |
| Classification number | 294.592 |
| Edition number | 23 |
| Item number | EZHA |
| 100 ## - MAIN ENTRY--PERSONAL NAME | |
| Personal name | Thunchath Ezhuthachchan |
| 9 (RLIN) | 17471 |
| Dates associated with a name | തുണച്ചത് എഴുത്തച്ഛൻ |
| 245 ## - TITLE STATEMENT | |
| Title | Adhyatma Ramayanam |
| Remainder of title | ആധ്യാതിമ രാമായണം |
| 260 ## - PUBLICATION, DISTRIBUTION, ETC. | |
| Place of publication, distribution, etc. | Kottayam |
| Name of publisher, distributor, etc. | D C Books |
| Date of publication, distribution, etc. | 2022 |
| 300 ## - PHYSICAL DESCRIPTION | |
| Extent | 576p. |
| Other physical details | HB |
| Dimensions | 21x14cm. |
| 650 ## - SUBJECT ADDED ENTRY--TOPICAL TERM | |
| Topical term or geographic name entry element | Ramayanam: രാമായണം |
| 9 (RLIN) | 17472 |
| 650 ## - SUBJECT ADDED ENTRY--TOPICAL TERM | |
| Topical term or geographic name entry element | Malayalam: മലയാളം |
| 9 (RLIN) | 17473 |
| 700 ## - ADDED ENTRY--PERSONAL NAME | |
| Personal name | EZHUTHACHCHAN (Thunchath) |
| 9 (RLIN) | 58533 |
| Dates associated with a name | എഴുത്തച്ഛൻ (തുണച്ചത്) |
| 906 ## - LOCAL DATA ELEMENT F, LDF (RLIN) | |
| a | 072399 |
| 942 ## - ADDED ENTRY ELEMENTS (KOHA) | |
| Source of classification or shelving scheme | Dewey Decimal Classification |
| Koha item type | Book |
| Withdrawn status | Lost status | Source of classification or shelving scheme | Damaged status | Not for loan | Collection code | Home library | Current library | Date acquired | Source of acquisition | Cost, normal purchase price | Total Checkouts | Full call number | Barcode | Date last seen | Date last checked out | Price effective from | Koha item type | Cost, replacement price |
|---|---|---|---|---|---|---|---|---|---|---|---|---|---|---|---|---|---|---|
| Dewey Decimal Classification | Others | St Aloysius Library | St Aloysius Library | 02/17/2021 | Biblios Book Point, Surathkal-575014 | 225.00 | 2 | 294.592 EZHA | 072399 | 01/28/2023 | 01/16/2023 | 02/17/2021 | Book | |||||
| Dewey Decimal Classification | Others | St Aloysius Library | St Aloysius Library | 09/21/2022 | DC Books | 359.00 | 1 | 294.592 EZHA | 076099 | 03/26/2024 | 08/07/2023 | 09/26/2022 | Book | 399.00 |